| 000 | 00720nam a2200229Ia 4500 | ||
|---|---|---|---|
| 008 | 170504s9999 xx 000 0 und d | ||
| 050 | _aG 155.A1 | ||
| 050 | _b.B482 2016 | ||
| 100 | _aBeran, Maria Catherina B. | ||
| 245 | _aFat chains : | ||
| 245 | _ba web series showcasing cycling as a recreational activity / | ||
| 245 | _cMaria Catherina B. Beran, Marcus Edgard T. Conferido, Kevin C. Raqueno, Malia Vannessa B. Reyes. | ||
| 260 | _aLas PiƱas, Philippines : | ||
| 260 | _bSISC, | ||
| 260 | _c2016. | ||
| 300 | _a62 pages : | ||
| 300 | _billustrations ; | ||
| 300 | _c28 cm. | ||
| 500 | _aIncludes bibliographical references and appendices. | ||
| 521 | _aMass Communication | ||
| 650 | _aCycling. | ||
| 999 |
_c329721 _d329721 |
||